Riddler - Portrayals by Picture - Statistics

General Stats
  • This quiz has been taken 23 times
  • The average score is 4 of 25
Answer Stats
Picture Answer % Correct
Jim Carrey
94%
Paul Dano
69%
Frank Gorshin
50%
Cory Michael Smith
31%
John Astin
31%
Rob Paulsen / Conan O'Brien / Tom Kenny / Roger Craig Smith / Wally Wingert
19%
Robert Englund
13%
Wally Wingert
13%
Dave Franco / Jason Spisak
6%
John Glover
6%
Matthew Gray Gubler
6%
Wally Wingert
6%
Weird Al Yankovic
6%
Brent Spiner
0%
Bruce Timm
0%
David Hornsby
0%
Geoffrey Arend
0%
Jim Rash
0%
John Glover
0%
John Michael Higgins
0%
Michael Bell
0%
Robin Atkin Downes
0%
Shannon McCormick
0%
Ted Knigh
0%
Yuri Lowenthal
0%
No matching quizzes found
Score Distribution
Percent of People with Each Score
Percentile by Number Answered
Your Score History
You have not taken this quiz